000 00435nam a2200169Ia 4500
008 230524s9999 xx 000 0 und d
020 _a9.78819E+12
082 _a340
_bTRI
100 _aB.N. Mani Tripathi
_943629
245 0 _aJurisprudence The Legal Theory
250 _a19
260 _aAllahabad
_bAllahabad law agency
_c2017
300 _a"xxxii,544p;"
500 _aQuantity Number: 1
650 _aLAW
_943630
942 _cBK
999 _c59298
_d59298